00270nam a22001217a 4500082001200000100001600012245003900028260003600067300000800103650001300111942000700124999001700131 a954 MAT aMathew K.S  aMartine Trade of the Malabar Coast aDelhibManohar Publishersc2016 a432 aHistory  cBK c19997d19997